Jaką ludność... - Statystyki

Ogólne statystyki
  • Ten quiz został rozwiązany 22 razy
  • Średni wynik to 6 z 10
Statystyki odpowiedzi
Zagadnienie Odpowiedź % Poprawnych
Ma Polska? ok.37,8mln
100%
Ma Kanada? ok.38,2mln
100%
Ma Szwecja? ok.10,4mln
50%
Mają Indie? ok.1,408mld
50%
Mają Chiny? ok.1,412mld
50%
Ma Australia? ok.25,7mln
50%
Ma Hiszpania? ok.47,4mln
50%
Ma Wielka Brytania? ok.67,33mln
50%
Mają Niemcy? ok.83,2mln
50%
Mają Włochy? ok.59,11mln
0%
Nie znaleziono quizów pasujących do podanych kryteriów
Rozkład punktacji
Procent ludzi z każdym wynikiem
Percentyl według liczby udzielonych odpowiedzi
Twoja historia wyników
Nie rozwiązałeś tego quizu